LEADER 00782nam0 2200277 i 450 001 996523969703316 005 20230511144010.0 010 $a978-88-581-4852-5 100 $a20220718d2022----||||0itac50 ba 101 $aita 102 $aIT 200 1 $aRitorno alle foreste sacre$fLorenzo Colantoni 210 1 $aBari$aRoma$cLaterza$d2022 215 $a141 p.$d24 cm 225 2 $a<> Robinson$iLetture 410 0$a<> Robinson$iLetture 606 0 $aViaggi$yGiappone$xMemorie$2BNCF 676 $a915.204 700 1$aCOLANTONI,$bLorenzo$01351221 801 0$aIT$bcba$bcba$gREICAT 912 $a996523969703316 951 $aVI.3.F. 613$b283504 L.M.$cVI.3.F.$d555540 959 $aBK 969 $aUMA 996 $aRitorno alle foreste sacre$93091169 997 $aUNISA LEADER 01580nam0 22003251i 450 001 UON00068902 005 20231205102342.526 010 $a88-359-3084-7 100 $a20020107d1987 |0itac50 ba 101 $aita 102 $aIT 105 $a|||| ||||| 200 1 $aSud Africa$eI conflitti dell'apartheid$fMarcella Emiliani, Maria Cristina Ercolessi, Anna Maria Gentili$gUna ricerca del CeSPI a cura di Maria Cristina Ercolessi 210 $aRoma$cEditori Riuniti$d1987 215 $a287 p., [2] c. geogr.$d22 cm 330 $aLa Repubblica del Sud Africa: ideologia e politica dell'apartheid - Sud Africa: la logica dell'egemonia regionale - Namibia: l'indipendenza negata - I rapporti tra Sud Africa e Mozambico: la parabola dell'accordo di Nkomati - L'amministrazione Reagan e la crisi dell'Africa australe - La presenza sovietica in Africa australe 410 1$1001UON00065741$12001 $aPolitica e societa'$v64 606 $aAPARTHEID$3UONC019003$2FI 620 $aIT$dRoma$3UONL000004 676 $a320.56$cRAZZISMO$v21 700 1$aEMILIANI$bMarcella$3UONV042910$0330084 701 1$aErcolessi$bMaria Cristina$3UONV042911 701 1$aGentili$bAnna Maria$3UONV042912$00 712 $aEditori Riuniti$3UONV246707$4650 801 $aIT$bSOL$c20251114$gRICA 899 $aSIBA - SISTEMA BIBLIOTECARIO DI ATENEO$2UONSI 912 $aUON00068902 950 $aSIBA - SISTEMA BIBLIOTECARIO DI ATENEO$dSI ST 136 $eSI AA 13958 5 136 996 $aSud Africa$91161765 997 $aUNIOR